000 00636nam a2200181Ia 4500
008 090124s9999 xx 000 0 und d
082 _b19877
100 _aदेशपांडे पांडुरंग हरि
245 _a सवाई-गंधर्व
250 _a0
260 _bय़. गो. जोशी प्रकाशन
_c1946
300 _a95
600 _aदेशपांडे पांडुरंग हरि
630 _a सवाई-गंधर्व
700 _aदेशपांडे पांडुरंग हरि
730 _a सवाई-गंधर्व
942 _cBOOK
999 _c90158
_d90158